Faculty of Law Library — Cairo University

Official Online Catalog

Le droit Pénal : (Record no. 71348)

MARC details
000 -LEADER
fixed length control field 01187nam a2200313 i 4500
003 - CONTROL NUMBER IDENTIFIER
control field EG-GICUC
005 - DATE AND TIME OF LATEST TRANSACTION
control field 20260416102943.0
008 - FIXED-LENGTH DATA ELEMENTS--GENERAL INFORMATION
fixed length control field 260416s1888 fr fr|||| 000 0 fre d
040 ## - CATALOGING SOURCE
Original cataloging agency EG-GiCUC
Language of cataloging eng
Transcribing agency EG-GiCUC
Modifying agency EG-GiCUC
Description conventions Rda
041 0# - LANGUAGE CODE
Language code of text/sound track or separate title fre
082 04 - DEWEY DECIMAL CLASSIFICATION NUMBER
Edition number 21
Classification number 343
Item number TI . D
092 04 - LOCALLY ASSIGNED DEWEY CALL NUMBER (OCLC)
Edition number 21
099 ## - LOCAL FREE-TEXT CALL NUMBER (OCLC)
Classification number Law1 10 343 TI . D 3 ed - 1888
100 1# - MAIN ENTRY--PERSONAL NAME
Personal name Tissot .j
Relator term Auteur
245 13 - TITLE STATEMENT
Title Le droit Pénal :
Remainder of title Etudia Dans SES Principes, Dans SES Usages Et Les Lois Des Divers Peuples Du Monde Ou Introduction Philosophique Et Historique A L'etude Du Droit Criminel.
Number of part/section of a work Tome Premier /
Statement of responsibility, etc. J. Tissot.
250 ## - EDITION STATEMENT
Edition statement Troisième Edition,
264 #1 - PRODUCTION, PUBLICATION, DISTRIBUTION, MANUFACTURE, AND COPYRIGHT NOTICE
Place of production, publication, distribution, manufacture Paris :
Name of producer, publisher, distributor, manufacturer Librairie Nouvelle Du Droit Et De Jurisprudencearthur Rousseau,
Date of production, publication, distribution, manufacture, or copyright notice 1888.
300 ## - PHYSICAL DESCRIPTION
Extent 593 page :
Other physical details illustration ;
Dimensions 24 cm.
336 ## - CONTENT TYPE
Source rda contenu
Content type term texte
337 ## - MEDIA TYPE
Source rda medias
Media type term Ordinateur
338 ## - CARRIER TYPE
Source transporteur rda
Carrier type term Ressource en ligne
500 ## - GENERAL NOTE
General note Comprend des références bibliographiques.<br/><br/>
546 ## - LANGUAGE NOTE
Language note Texte en français
650 14 - SUBJECT ADDED ENTRY--TOPICAL TERM
Topical term or geographic name entry element Le Droit Pénal
Source of heading or term qrmak
651 1# - SUBJECT ADDED ENTRY--GEOGRAPHIC NAME
Source of heading or term qrmak
856 40 - ELECTRONIC LOCATION AND ACCESS
Uniform Resource Identifier <a href="https://fll.law.cu.edu.eg/fulltext/bks/B10-09531.pdf">https://fll.law.cu.edu.eg/fulltext/bks/B10-09531.pdf</a>
905 ## - Cataloger and Reviser Names
Cataloger Name: Ganna Ahmed
Revisor Name: Yara
942 ## - ADDED ENTRY ELEMENTS (KOHA)
Source of classification or shelving scheme Dewey Decimal Classification
Koha item type Books
Edition 21
Suppress in OPAC No
Holdings
Withdrawn status Lost status Source of classification or shelving scheme Damaged status Not for loan Collection Home library Current library Date acquired Total checkouts Full call number Barcode Date last seen Copy number Price effective from Koha item type
    Dewey Decimal Classification   Not for loan القانون الجنائي جــــامعة القــاهرة مكتبة كلية الحقوق - المبنى الرئيسي 16.04.2026   Law1 10 343 TI . D 3 ed - 1888 1009531 V3, C1 B10-09531 16.04.2026 1 16.04.2026 Books

© All rights reserved — Faculty of Law, Cairo University